Participación de los maestros de Comunicación Social de la Universidad Autónoma de Santo Domingo en proyectos de investigación, acreditación y publicación. Centro Universitario Regional de Santiago (CURSA). Período 2004-2007 (Record no. 3397)

MARC details
000 -LEADER
campo de control de longitud fija 02949nam a2200541Ia 4500
001 - NÚMERO DE CONTROL
campo de control 3621
008 - DATOS DE LONGITUD FIJA--INFORMACIÓN GENERAL
campo de control de longitud fija 241029s9999 xx 000 0 und d
010 ## - NÚMERO DE CONTROL DE LA BIBLIOTECA DEL CONGRESO
Número de control de LC 3397
041 ## - CÓDIGO DE IDIOMA
Código de lengua del texto/banda sonora o título independiente Español
082 ## - NÚMERO DE LA CLASIFICACIÓN DECIMAL DEWEY
Número de clasificación MA-ES 0029 FH 2008
245 #0 - MENCIÓN DEL TÍTULO
Título Participación de los maestros de Comunicación Social de la Universidad Autónoma de Santo Domingo en proyectos de investigación, acreditación y publicación. Centro Universitario Regional de Santiago (CURSA). Período 2004-2007
260 ## - PUBLICACIÓN, DISTRIBUCIÓN, ETC.
Lugar de publicación, distribución, etc. Santiago
300 ## - DESCRIPCIÓN FÍSICA
Extensión 127
520 ## - RESUMEN, ETC.
Sumario, etc. 33
520 ## - RESUMEN, ETC.
Sumario, etc. La investigación se planteó Evaluar los Niveles de Participación de los Docentes de Comunicación Social en Proyectos de Investigación, Acreditación y Publicación en la Universidad Autónoma de Santo Domingo (Centro Universitario Regional de Santiago) en el Periodo 2004-2007.Se implementó una investigación de tipo descriptiva, con un enfoque cuantitativo, que hizo uso de técnicas de recolección de datos bibliográficos , análisis de documentos y entrevistas a una población de 20 docentes, 1 encargado del departamento de investigación del Centro Universitario Regional de Santiago.El estudio concluye que los maestros de comunicación social del CURSA participan en proyectos de investigación, con el rol de asesores independientes, pero no están contribuyendo de forma seria a la construcción de nuevos conocimientos, que pueden ser auspiciadas por la institución. En otro sentido se determinó que en el campo de investigación las temáticas más usadas se basan en la sociolingüística, la cual constituye el área más significativa de la comunicación social, pues profundiza en el desempeño lingüístico de los dominicanos.El estudio recomienda a los docentes que aparte de asumir el rol de asesores independientes, se integren como protagonistas en los proyectos de investigación, acreditación y publicación que se llevan a cabo en la institución.
630 ## - PUNTO DE ACCESO ADICIONAL DE MATERIA--TÍTULO UNIFORME
Título uniforme Comunicación
630 ## - PUNTO DE ACCESO ADICIONAL DE MATERIA--TÍTULO UNIFORME
Título uniforme Participación
650 ## - PUNTO DE ACCESO ADICIONAL DE MATERIA--TÉRMINO DE MATERIA
Término de materia o nombre geográfico como elemento de entrada Participación
690 ## - PUNTO DE ACCESO ADICIONAL DE MATERIA LOCAL--TÉRMINO DE MATERIA (OCLC, RLIN)
Término de materia o nombre geográfico como elemento inicial Sintetizado
700 ## - ENTRADA AGREGADA--NOMBRE PERSONAL
Término indicativo de función/relación asesor
Nombre de persona Espinal, Juan Antonio
700 ## - ENTRADA AGREGADA--NOMBRE PERSONAL
Término indicativo de función/relación autor
Nombre de persona Ulloa Domínguez, Máximo Manuel
700 ## - ENTRADA AGREGADA--NOMBRE PERSONAL
Término indicativo de función/relación autor
Nombre de persona Parra Cruz, Félix Ysmael
901 ## - ELEMENTOS DE DATOS A LOCAL LDA (RLIN)
a {"1":"Ulloa Domínguez","2":"Parra Cruz"}
b {"1":"Máximo Manuel ","2":"Félix Ysmael "}
902 ## - ELEMENTOS DE DATOS B LOCAL, LDB (RLIN)
a 1
903 ## - ELEMENTOS DE DATOS C LOCAL, LDC (RLIN)
a {"1":"Espinal"}
b {"1":"Juan Antonio "}
904 ## - ELEMENTOS DE DATOS D LOCAL, LDD (RLIN)
a Magíster en
905 ## - ELEMENTOS DE DATOS E LOCAL, LDE (RLIN)
a Enseñanza Superior
906 ## - ELEMENTOS DE DATOS F LOCAL, LDF (RLIN)
a 2
907 ## - ELEMENTOS DE DATOS G LOCAL, LDG (RLIN)
a NO APLICA
908 ## - COLOCAR PARÁMETRO DE COMANDO (RLIN)
Colocar parámetro de comando NO APLICA
909 ## -
-- Universidad Autónoma de Santo Domingo (UASD)
910 ## - DATOS DE OPCIÓN DEL USUARIO (OCLC)
Datos de opción del usuario NULL
-- NULL
911 ## - EQUIVALENCIA O REFERENCIA-CRUZADA-NOMBRE DE CONFERENCIA O REUNIÓN/CONGRESO [LOCAL, CANADÁ]
Nombre de congreso/reunión o jurisdicción como elemento de entrada ["1"]
912 ## -
-- NO APLICA
913 ## -
-- NULL
914 ## -
-- 04 de Agosto de 2008
915 ## -
-- 19/09/14 07:09
916 ## -
-- NULL
917 ## -
-- NULL
918 ## -
-- NO APLICA
919 ## -
-- ["230","151"]
921 ## -
-- 16
922 ## -
-- 16
923 ## -
-- 0
924 ## -
-- NO APLICA
942 ## - ELEMENTOS DE ENTRADA SECUNDARIOS (KOHA)
Tipo de ítem Koha

No items available.

© 2024. Todos los Derechos Reservados. Desarrollado por IDEICE